000 00224 a2200085 4500
020 _a9780620289665
100 _aVan Der Merwe, Marie
_965442
245 _aBlare in die wind
999 _c731483
_d731482
942 _w2694
_xGrace Mofokeng
_y296
_zPhillipina Naude